MARC details
| 000 -LEADER |
| fixed length control field |
01577cad a22003735a 4500 |
| 001 - CONTROL NUMBER |
| control field |
L158262 |
| 008 - FIXED-LENGTH DATA ELEMENTS--GENERAL INFORMATION |
| fixed length control field |
130206s2014 xxk f 000 0 eng d |
| 020 ## - INTERNATIONAL STANDARD BOOK NUMBER |
| International Standard Book Number |
9781783210855 |
| 035 ## - SYSTEM CONTROL NUMBER |
| System control number |
(Sirsi) u158262 |
| 041 0# - LANGUAGE CODE |
| Language code of text/sound track or separate title |
eng |
| 110 2# - MAIN ENTRY--CORPORATE NAME |
| Corporate name or jurisdiction name as entry element |
Royal Institution of Chartered Surveyors |
| 9 (RLIN) |
4900 |
| 245 ## - TITLE STATEMENT |
| Title |
Extensions of time |
| Medium |
[electronic resource] |
| 250 ## - EDITION STATEMENT |
| Edition statement |
1st ed |
| 260 ## - PUBLICATION, DISTRIBUTION, ETC. |
| Place of publication, distribution, etc. |
London, |
| Name of publisher, distributor, etc. |
RICS, |
| Date of publication, distribution, etc. |
2014 |
| 300 ## - PHYSICAL DESCRIPTION |
| Extent |
20p. |
| 490 #0 - SERIES STATEMENT |
| Series statement |
RICS Guidance Note |
| 490 #0 - SERIES STATEMENT |
| Series statement |
RICS Practice Information |
| 490 #0 - SERIES STATEMENT |
| Series statement |
RICS Black Book |
| 520 ## - SUMMARY, ETC. |
| Summary, etc. |
This guidance note covers costs of delay, background to extension of time clauses, delay assessments using BIM, strengths and weaknesses of delay analysis methods. |
| 520 ## - SUMMARY, ETC. |
| Summary, etc. |
This document was reissued in July 2024 as RICS practice information. It had previously been published in November 2014 as an RICS guidance note. No material changes have been made to the document. |
| 650 24 - SUBJECT ADDED ENTRY--TOPICAL TERM |
| Topical term or geographic name entry element |
Holme v Guppy |
| 650 24 - SUBJECT ADDED ENTRY--TOPICAL TERM |
| Topical term or geographic name entry element |
Wells v Army & Navy Co-operative Society Ltd |
| 650 24 - SUBJECT ADDED ENTRY--TOPICAL TERM |
| Topical term or geographic name entry element |
Walter Lilly & Company Ltd v Mackay & Anor |
| 650 24 - SUBJECT ADDED ENTRY--TOPICAL TERM |
| Topical term or geographic name entry element |
JCT |
| 650 24 - SUBJECT ADDED ENTRY--TOPICAL TERM |
| Topical term or geographic name entry element |
NEW ENGINEERING CONTRACT (THIRD EDITION) |
| 650 24 - SUBJECT ADDED ENTRY--TOPICAL TERM |
| Topical term or geographic name entry element |
INSTITUTION OF CIVIL ENGINEERS |
| 650 24 - SUBJECT ADDED ENTRY--TOPICAL TERM |
| Topical term or geographic name entry element |
FIDIC |
| 650 24 - SUBJECT ADDED ENTRY--TOPICAL TERM |
| Topical term or geographic name entry element |
RICS BLACK BOOK |
| 650 24 - SUBJECT ADDED ENTRY--TOPICAL TERM |
| Topical term or geographic name entry element |
RICS QS AND CONSTRUCTION STANDARDS |
| 651 #4 - SUBJECT ADDED ENTRY--GEOGRAPHIC NAME |
| Geographic name |
United Kingdom |
| 690 ## - LOCAL SUBJECT ADDED ENTRY--TOPICAL TERM (OCLC, RLIN) |
| Topical term or geographic name as entry element |
Construction management |
| 9 (RLIN) |
6230 |
| 856 40 - ELECTRONIC LOCATION AND ACCESS |
| Uniform Resource Identifier |
<a href="https://www.rics.org/profession-standards/rics-standards-and-guidance/sector-standards/construction-standards/black-book/extensions-of-time">https://www.rics.org/profession-standards/rics-standards-and-guidance/sector-standards/construction-standards/black-book/extensions-of-time</a> |
| Public note |
Available on RICS.org |
| 942 ## - ADDED ENTRY ELEMENTS (KOHA) |
| Suppress in OPAC |
0 |
| Source of classification or shelving scheme |
Dewey Decimal Classification |